| 000 | 00818nam a2200217Ia 4500 | ||
|---|---|---|---|
| 999 |
_c39461 _d39461 |
||
| 001 | 6055 | ||
| 003 | GE_BSU | ||
| 005 | 20190925103127.0 | ||
| 008 | 181216s1978||||ge |||||||||||||| ||geo|| | ||
| 040 | _cGE_BSU | ||
| 041 | _ageo | ||
| 080 | _a821.353.1-31 ა-76 | ||
| 100 |
_aარაგვისპირელი, შიო _94299 |
||
| 245 |
_aგაბზარული გული / _cშიო არაგვისპირელი ; რედ. ლ. ქადაგიშვილი. |
||
| 264 |
_aთბილისი : _bნაკადული ; _c1978. |
||
| 300 |
_a251 გვ. ; _c21 სმ. |
||
| 653 | _aგაბზარული გული | ||
| 653 | _aრომანი | ||
| 700 |
_aქადაგიშვილი, ლ. _eრედაქტორი _94300 |
||
| 942 |
_cBK _2udc |
||